LEADER 00891nam 2200289 450 001 996709181803316 005 20260213095812.0 010 $a978-88-6857-688-2 100 $a20260213d2025----km y0itay5003 ba 101 0 $aita 102 $aIT 105 $ay 00 y 200 1 $aIn cammino$eantenati nomadi, migranti, girovaghi e itineranti$fAnna Maria D'Ambrosio 210 $aNovara$cInterlinea$d2025 215 $a230 p.$cill.$d21 cm 225 2 $aBiblioteca del Centro novarese di studi letterari$v88 410 0$aBiblioteca del Centro novarese di studi letterari$v88 606 0 $aNomadismo$2BNCF 676 $a305.89045 700 1$aD'AMBROSIO,$bAnna Maria <1956- >$01893661 801 0$aIT$bcba$gREICAT 912 $a996709181803316 951 $aIII.2. 1815$b293553 L.M.$cIII.2.$d574775 959 $aBK 969 $aUMA 996 $aIn cammino$94542529 997 $aUNISA